000 00450nam a2200169 i 4500
001 bg
100 1 _aKOSECKI, Mieczysław
245 0 _aStatyka ustrojów palowych :
_bzasady obliczania metodą uogólnioną /
_cM. Kosecki.
260 _aSzczecin,
_c1988.
650 9 _aKonstrukcje budowlane
650 9 _aFundamenty
040 _cBPK
041 _apol
080 _a624.01/.07:624.1
942 _cKS
008 s pl f |000 0 pol
999 _c28707
_d28707
856 _uhttp://koha.tu.koszalin.pl/cgi-bin/koha/opac-detail.pl?biblionumber=28707
_yKatalog online BPK